[Event "Aktiv-Alliancen Mesterklassen 1999"]
[Site "Taastrup"]
[Date "1999.02.11"]
[Round "6"]
[White "Moller, Arne Vagn"]
[Black "Petersen, Terji"]
[Result "0-1"]
[WhiteElo "1927"]
[BlackElo "2100"]
[PlyCount "104"]
[EventDate "1999.??.??"]

1. e4 c5 2. b3 d6 3. Bb2 Nc6 4. Nf3 Nf6 5. d3 e6 6. Be2 Be7 7. O-O O-O 8. Nbd2
d5 9. Re1 Qc7 10. Bf1 d4 11. a3 b6 12. Qe2 Nd7 13. g3 b5 14. Rec1 a5 15. c3 Qb6
16. cxd4 cxd4 17. e5 Bb7 18. Bg2 Rfd8 19. Rc2 Nc5 20. Rac1 Rac8 21. Ne1 Rc7 22.
f4 Ba6 23. Bf1 Bb7 24. Qg4 a4 25. b4 Nb3 26. Nxb3 axb3 27. Rf2 Nb8 28. Rxc7
Qxc7 29. Nf3 Rc8 30. Nxd4 Qb6 31. Qd1 Bd5 32. Bg2 Bxg2 33. Kxg2 Qb7+ 34. Qf3
Qd7 35. Nxb3 Rc6 36. f5 exf5 37. Qxf5 Qd5+ 38. Kh3 Qxb3 39. d4 Rh6+ 40. Kg2
Qd5+ 41. Kg1 Rc6 42. Qg4 Nd7 43. Re2 Nb6 44. Qf4 Rc4 45. e6 fxe6 46. Qb8+ Nc8
47. Re5 Qf3 48. Qxb5 Rc2 49. Qe8+ Bf8 50. Qxe6+ Kh8 51. Qh3 Qf2+ 52. Kh1 Rxb2
0-1

[Event "Aktiv-Alliancen Mesterklassen 1999"]
[Site "Taastrup"]
[Date "1999.02.11"]
[Round "6"]
[White "Petersen, Steen Brustrup"]
[Black "Larsen, Peter"]
[Result "1/2-1/2"]
[WhiteElo "2151"]
[BlackElo "2267"]
[PlyCount "140"]
[EventDate "1999.??.??"]

1. e4 c5 2. Nf3 d6 3. d4 Nf6 4. Nc3 cxd4 5. Nxd4 a6 6. f4 e6 7. Qf3 Bd7 8. Bd3
Nc6 9. Nb3 Be7 10. Be3 Nb4 11. g4 e5 12. f5 Nxd3+ 13. cxd3 Bc6 14. g5 Nd7 15.
h4 h6 16. Qh5 Nf8 17. f6 gxf6 18. Rf1 Ng6 19. gxh6 d5 20. d4 dxe4 21. d5 Bb5
22. Rg1 Bb4 23. d6 Qd7 24. Kf2 Bxc3 25. bxc3 O-O-O 26. Nc5 Qxd6 27. Qf5+ Bd7
28. Qxe4 Qc6 29. Qb4 f5 30. Bg5 Rde8 31. Rad1 Be6 32. Rd6 Qb5 33. Qxb5 axb5 34.
Nxe6 Rxe6 35. Rxe6 fxe6 36. Bf6 Rxh6 37. Bg7 Rxh4 38. Rxg6 e4 39. Rxe6 Rh2+ 40.
Ke3 Rxa2 41. Bd4 Rh2 42. Rf6 Rh3+ 43. Kf4 Rf3+ 44. Ke5 Kd7 45. Rxf5 Kc6 46. Rh5
e3 47. Rh6+ Kd7 48. Rh2 b4 49. cxb4 Kc6 50. Ke4 Rf7 51. Kxe3 Kb5 52. Bc5 b6 53.
Bd6 Rf6 54. Rd2 Re6+ 55. Kf4 Kc6 56. Be5 Kb5 57. Rd4 Rh6 58. Kf5 Rh1 59. Ke6
Re1 60. Kd5 Rh1 61. Bd6 Re1 62. Re4 Rd1+ 63. Ke6 Kc6 64. Be7 Rd2 65. Re5 Rb2
66. Bd6 Rb1 67. Re2 Rc1 68. Be7 Rc3 69. Re1 Rc2 70. Re3 Rc1 1/2-1/2

[Event "Aktiv-Alliancen Mesterklassen 1999"]
[Site "Taastrup"]
[Date "1999.02.11"]
[Round "6"]
[White "Stojanovski, Sandi"]
[Black "Pedersen, Jan Nordenbaek"]
[Result "0-1"]
[WhiteElo "2183"]
[BlackElo "2208"]
[PlyCount "102"]
[EventDate "1999.??.??"]

1. d4 Nf6 2. Nf3 g6 3. g3 Bg7 4. Bg2 O-O 5. O-O d6 6. c4 Nbd7 7. Nc3 e5 8. h3
exd4 9. Nxd4 Re8 10. e4 Nc5 11. Re1 a5 12. Nb3 Nfd7 13. Be3 Ne5 14. Nxc5 dxc5
15. Qxd8 Rxd8 16. Rad1 Be6 17. Nd5 Nxc4 18. Bg5 Rd7 19. Nf6+ Bxf6 20. Bxf6 Nb6
21. a3 c6 22. g4 Bb3 23. Rxd7 Nxd7 24. Bc3 Kf8 25. f4 Ke7 26. Kf2 b5 27. Rc1 c4
28. e5 Ra6 29. Ke3 c5 30. f5 b4 31. Bd2 Nxe5 32. fxg6 hxg6 33. Be4 Rd6 34. Be1
Nd3 35. Bh4+ g5 36. Bxg5+ f6 37. Bf4 Nxc1 38. Bxd6+ Kxd6 39. axb4 cxb4 40. Kd2
Nd3 41. Bxd3 cxd3 42. Kxd3 Ke5 43. h4 Kf4 44. g5 fxg5 45. hxg5 Ke5 46. Kd2 Kd4
47. g6 a4 48. Kc1 Kd3 49. g7 Ke2 50. Kb1 Kd1 51. Ka1 Kc2 0-1

[Event "Aktiv-Alliancen Mesterklassen 1999"]
[Site "Taastrup"]
[Date "1999.02.11"]
[Round "6"]
[White "Thuesen, Mogens Henrik"]
[Black "Bogdanov, Dimitri"]
[Result "1-0"]
[WhiteElo "2209"]
[BlackElo "2012"]
[PlyCount "55"]
[EventDate "1999.??.??"]

1. d4 Nf6 2. Bg5 d6 3. Bxf6 gxf6 4. e3 Bf5 5. Bd3 Qd7 6. Qf3 Bxd3 7. Qxb7 Ba6
8. Qxa8 Qb5 9. Nd2 Kd7 10. c4 Qb6 11. Qe4 Nc6 12. b3 e6 13. Ngf3 f5 14. Qh4 Be7
15. Qh5 Nd8 16. O-O Bb7 17. d5 Bf6 18. Rab1 Ke7 19. e4 f4 20. e5 dxe5 21. c5
Qa6 22. c6 Bc8 23. Ne4 Rg8 24. Nxf6 Kxf6 25. Qxe5+ Ke7 26. Qxc7+ Kf6 27. Qxf4+
Ke7 28. d6+ 1-0

[Event "Aktiv-Alliancen Mesterklassen 1999"]
[Site "Taastrup"]
[Date "1999.02.12"]
[Round "7"]
[White "Aagaard, Jacob"]
[Black "Thuesen, Mogens Henrik"]
[Result "0-1"]
[WhiteElo "2406"]
[BlackElo "2209"]
[PlyCount "82"]
[EventDate "1999.??.??"]

1. d4 c5 2. e4 cxd4 3. Nf3 Nc6 4. Nxd4 Nf6 5. Nc3 e5 6. Ndb5 d6 7. Bg5 a6 8.
Na3 b5 9. Bxf6 gxf6 10. Nd5 f5 11. Bd3 Be6 12. O-O Bxd5 13. exd5 Ne7 14. c3 Bg7
15. Qh5 Qc8 16. Rad1 e4 17. Bb1 Ng6 18. Nc2 Bf6 19. Ne3 Nh4 20. g3 Nf3+ 21. Kh1
Bg5 22. Ng2 Rg8 23. h4 Bd2 24. Qxh7 Rg6 25. Bc2 Ke7 26. Rxd2 Nxd2 27. Rd1 Nf3
28. h5 Ng5 29. hxg6 Nxh7 30. gxh7 Qh8 31. Nh4 Qxh7 32. Kg2 Kf6 33. Rf1 Rg8 34.
Rh1 Qh5 35. Bd1 Qg5 36. Be2 Qd2 37. Kf1 Qc1+ 38. Kg2 Qxb2 39. Bh5 Rg5 40. g4 e3
41. Kf3 Qxf2# 0-1

[Event "Aktiv-Alliancen Mesterklassen 1999"]
[Site "Taastrup"]
[Date "1999.02.12"]
[Round "7"]
[White "Andersen, Erik Rune Egede"]
[Black "Moller, Arne Vagn"]
[Result "1-0"]
[WhiteElo "2077"]
[BlackElo "1927"]
[PlyCount "39"]
[EventDate "1999.??.??"]

1. e4 c5 2. c3 Nc6 3. d4 cxd4 4. cxd4 d5 5. exd5 Qxd5 6. Nf3 e6 7. Bd3 Bb4+ 8.
Nc3 Nge7 9. O-O Qa5 10. Bd2 Qd8 11. Re1 a6 12. Bg5 f6 13. Bf4 b5 14. Rc1 O-O
15. a3 Bd6 16. Bxd6 Qxd6 17. Ne4 Qf4 18. Nc5 e5 19. Re4 Qf5 20. Rh4 1-0

[Event "Aktiv-Alliancen Mesterklassen 1999"]
[Site "Taastrup"]
[Date "1999.02.12"]
[Round "7"]
[White "Andersen, Rune"]
[Black "Hejberg, Carsten"]
[Result "1/2-1/2"]
[WhiteElo "2033"]
[BlackElo "1947"]
[PlyCount "96"]
[EventDate "1999.??.??"]

1. d4 Nf6 2. c4 g6 3. Nc3 Bg7 4. Nf3 O-O 5. g3 d6 6. Bg2 c5 7. d5 Na6 8. O-O
Rb8 9. e4 Nc7 10. a4 b6 11. Bg5 h6 12. Bd2 a6 13. Qe2 Bd7 14. Rfb1 b5 15. axb5
axb5 16. b4 cxb4 17. Rxb4 Ng4 18. Ra7 bxc4 19. Qxc4 Rxb4 20. Qxb4 Bxc3 21. Bxc3
Nb5 22. Ra1 Nxc3 23. Qxc3 Qb8 24. Qd2 Kh7 25. h3 Ne5 26. Nxe5 dxe5 27. Qd3 Kg7
28. Rb1 Qd6 29. Qb3 Rc8 30. Qb2 Kg8 31. Kh2 Qc7 32. Qb7 Kf8 33. Bf1 Qxb7 34.
Rxb7 Ba4 35. Bd3 Rc3 36. Rb4 Bd1 37. Bf1 Bf3 38. Bg2 Be2 39. Rb2 Bf3 40. Bxf3
Rxf3 41. Rb8+ Kg7 42. Kg2 Rd3 43. Rb7 Kf8 44. Rb6 f6 45. g4 g5 46. Rb2 Kf7 47.
f3 Kg6 48. Kg3 Kf7 1/2-1/2

[Event "Aktiv-Alliancen Mesterklassen 1999"]
[Site "Taastrup"]
[Date "1999.02.12"]
[Round "7"]
[White "Auchenberg, Per"]
[Black "Jensen, Orla"]
[Result "1-0"]
[WhiteElo "2066"]
[BlackElo "1968"]
[PlyCount "103"]
[EventDate "1999.??.??"]

1. f4 Nf6 2. Nf3 c5 3. b3 d6 4. Bb2 Nc6 5. g3 e6 6. Bg2 Bd7 7. O-O Be7 8. d3
O-O 9. e4 Ng4 10. Qe2 d5 11. h3 Nf6 12. c4 a5 13. e5 Ne8 14. cxd5 exd5 15. g4
g6 16. Nc3 Nb4 17. a3 d4 18. axb4 dxc3 19. Bxc3 axb4 20. Rxa8 Qxa8 21. Ra1 Qc8
22. Bb2 Be6 23. Nd2 Nc7 24. Be4 f5 25. exf6 Bxf6 26. Bxf6 Rxf6 27. Qf3 Qd8 28.
Rf1 Qd4+ 29. Kh2 Nd5 30. Qg3 Rf8 31. f5 Bf7 32. fxg6 hxg6 33. Qd6 Ne3 34. Rf6
Qxd6+ 35. Rxd6 b5 36. Kg3 c4 37. dxc4 bxc4 38. bxc4 Rb8 39. c5 Kg7 40. c6 g5
41. c7 Rc8 42. Rd7 Kf6 43. Bb7 Rxc7 44. Rxc7 b3 45. Rc6+ Ke5 46. Rb6 Nc4 47.
Nxc4+ Bxc4 48. Rb4 Bg8 49. Bf3 Kd6 50. Bd1 Kc5 51. Rb8 Be6 52. Bxb3 1-0

[Event "Aktiv-Alliancen Mesterklassen 1999"]
[Site "Taastrup"]
[Date "1999.02.12"]
[Round "7"]
[White "Bogdanov, Dimitri"]
[Black "Hansen, Lars Henrik Bech"]
[Result "0-1"]
[WhiteElo "2012"]
[BlackElo "2090"]
[PlyCount "68"]
[EventDate "1999.??.??"]

1. e4 d6 2. d4 Nf6 3. Nc3 g6 4. f4 Bg7 5. Nf3 c5 6. d5 O-O 7. Be2 b5 8. e5 dxe5
9. fxe5 Ng4 10. Bf4 Nd7 11. Bxb5 Ndxe5 12. h3 Nxf3+ 13. Qxf3 Ne5 14. Qg3 Nd7
15. Bc7 Qe8 16. Bc6 Ba6 17. Qg4 Nf6 18. Qa4 Qc8 19. Bxa8 Qxc7 20. O-O-O Qb6 21.
Bc6 Rb8 22. Qb3 Qc7 23. Qa3 Qf4+ 24. Kb1 Ne4 25. Na4 Nd2+ 26. Rxd2 Qxd2 27.
Qxc5 Bd4 28. Qxe7 Bxb2 29. Nxb2 Qc3 30. Kc1 Qxb2+ 31. Kd1 Qb1+ 32. Kd2 Qxh1 33.
d6 Qg1 34. Qf6 Qb6 0-1

[Event "Aktiv-Alliancen Mesterklassen 1999"]
[Site "Taastrup"]
[Date "1999.02.12"]
[Round "7"]
[White "Danielsen, Heini"]
[Black "Aage, Bjarke Gadgaard"]
[Result "1-0"]
[WhiteElo "2102"]
[BlackElo "1974"]
[PlyCount "69"]
[EventDate "1999.??.??"]

1. e4 d5 2. exd5 Qxd5 3. Nc3 Qa5 4. d4 Nf6 5. Bc4 c6 6. Qe2 Bf5 7. Nf3 e6 8.
O-O Bd6 9. Ne5 O-O 10. Re1 Qc7 11. Bd3 Bxd3 12. Qxd3 Nbd7 13. Qe2 Rfe8 14. f4
Qb6 15. Kh1 Rad8 16. Rb1 Qc7 17. Ne4 Nxe4 18. Qxe4 Nf6 19. Qe2 c5 20. dxc5 Bxc5
21. c4 Rd4 22. Be3 Re4 23. Qf3 Bxe3 24. Rxe3 Rd4 25. Rd3 Rxd3 26. Qxd3 Rd8 27.
Qe3 a6 28. h3 g6 29. b4 Rd6 30. a4 b6 31. Qf3 Rd4 32. Rd1 Qd6 33. Rxd4 Qxd4 34.
Qb7 Nd7 35. Nxd7 1-0

[Event "Aktiv-Alliancen Mesterklassen 1999"]
[Site "Taastrup"]
[Date "1999.02.12"]
[Round "7"]
[White "Larsen, Peter"]
[Black "Pedersen, Jan Nordenbaek"]
[Result "1-0"]
[WhiteElo "2267"]
[BlackElo "2208"]
[PlyCount "69"]
[EventDate "1999.??.??"]

1. e4 c5 2. Nf3 Nc6 3. d4 cxd4 4. Nxd4 Nf6 5. Nc3 e5 6. Ndb5 d6 7. Bg5 a6 8.
Bxf6 gxf6 9. Na3 b5 10. Nd5 f5 11. c3 Bg7 12. exf5 Bxf5 13. Nc2 O-O 14. Nce3
Be6 15. g3 f5 16. Bh3 Ra7 17. a4 Kh8 18. axb5 axb5 19. Rxa7 Nxa7 20. O-O Qd7
21. f4 Nc6 22. Qd3 Qa7 23. Kh1 Nd4 24. fxe5 dxe5 25. cxd4 exd4 26. Nf4 Ba2 27.
Nxf5 Bc4 28. Qe4 Bxf1 29. Bxf1 Qa1 30. Kg2 Qxb2+ 31. Kh3 Bf6 32. Bd3 Qa2 33.
Nd5 Qa7 34. Nxf6 Rxf6 35. Qe8+ 1-0

[Event "Aktiv-Alliancen Mesterklassen 1999"]
[Site "Taastrup"]
[Date "1999.02.12"]
[Round "7"]
[White "Lonborg, Morten"]
[Black "Nielsen, John Holm"]
[Result "1-0"]
[WhiteElo "2121"]
[BlackElo "1972"]
[PlyCount "57"]
[EventDate "1999.??.??"]

1. e4 e5 2. Nf3 Nc6 3. c3 Nf6 4. d4 Nxe4 5. d5 Bc5 6. dxc6 Nxf2 7. Qd5 Qe7 8.
cxb7 Bxb7 9. Qxb7 O-O 10. Rg1 Ng4 11. Qe4 f5 12. Qd5+ Kh8 13. Bg5 Nf6 14. Bxf6
gxf6 15. Rh1 c6 16. Qd1 d5 17. Qc2 f4 18. Nbd2 Be3 19. O-O-O e4 20. Nd4 Qd7 21.
Kb1 c5 22. N4b3 Qg4 23. h3 Qh5 24. c4 Bxd2 25. Nxd2 e3 26. cxd5 e2 27. Bxe2
Qxe2 28. Ne4 Qb5 29. Qxc5 1-0

[Event "Aktiv-Alliancen Mesterklassen 1999"]
[Site "Taastrup"]
[Date "1999.02.12"]
[Round "7"]
[White "Petersen, Steen Brustrup"]
[Black "Stojanovski, Sandi"]
[Result "0-1"]
[WhiteElo "2151"]
[BlackElo "2183"]
[PlyCount "106"]
[EventDate "1999.??.??"]

1. e4 Nf6 2. e5 Nd5 3. d4 d6 4. Nf3 Bg4 5. Be2 e6 6. O-O Be7 7. c4 Nb6 8. Nc3
O-O 9. Be3 N8d7 10. exd6 cxd6 11. b3 a6 12. Qd2 h6 13. h3 Bh5 14. Rfd1 Qe8 15.
a4 f5 16. Rac1 g5 17. Qa2 f4 18. Bd2 Nf6 19. b4 Nbd7 20. c5 d5 21. Be1 Qf7 22.
Ne5 Nxe5 23. dxe5 Bxe2 24. exf6 Bc4 25. fxe7 Bxa2 26. exf8=Q+ Rxf8 27. Nxa2 g4
28. hxg4 h5 29. gxh5 f3 30. gxf3 Qxh5 31. Rc3 Rxf3 32. Rxf3 Qxf3 33. Rc1 Qb3
34. b5 axb5 35. axb5 Qxb5 36. Nb4 d4 37. Bd2 e5 38. c6 bxc6 39. Rxc6 Qe2 40.
Rc2 Kf7 41. Ra2 Ke6 42. Kg2 Kf5 43. Na6 Kg4 44. Nc5 Qf3+ 45. Kf1 Qd5 46. Ra5 e4
47. Nd3 Qc4 48. Rg5+ Kh4 49. Rg3 exd3 50. Kg2 Qc2 51. Rh3+ Kg4 52. Rg3+ Kf5 53.
Rg5+ Kf6 0-1

[Event "Aktiv-Alliancen Mesterklassen 1999"]
[Site "Taastrup"]
[Date "1999.02.12"]
[Round "7"]
[White "Petersen, Terji"]
[Black "Nielsen, Borge Hjerrild"]
[Result "1/2-1/2"]
[WhiteElo "2100"]
[BlackElo "2002"]
[PlyCount "67"]
[EventDate "1999.??.??"]

1. d4 d5 2. c4 e6 3. Nc3 Nf6 4. cxd5 exd5 5. Bg5 Be7 6. e3 O-O 7. Bd3 Nbd7 8.
Nf3 b6 9. O-O Bb7 10. Rb1 c5 11. dxc5 bxc5 12. a3 Rc8 13. Na2 g6 14. b4 c4 15.
Bc2 Ne4 16. Bxe7 Qxe7 17. Qd4 Ndf6 18. Rfd1 Rfd8 19. Nc3 Nxc3 20. Qxc3 Rd6 21.
Rd2 Nd7 22. Qd4 Nf8 23. Qc3 Ne6 24. Rbd1 Rcd8 25. Nd4 Ng5 26. Ne2 Ne6 27. Nd4
Ng5 28. Rb1 f5 29. Ne2 Kf7 30. Rc1 Ne6 31. g3 Qf6 32. Qxf6+ Kxf6 33. Nd4 Nxd4
34. Rxd4 1/2-1/2